Es muy raro todo esto /

Đã lưu trong:
Chi tiết về thư mục
Tác giả chính: Martínez Zarracina, Pablo (autor)
Định dạng: Sách
Ngôn ngữ:Tiếng Tây Ban Nha
Được phát hành: Logroño, España : Pepitas de Calabaza, 2015, c2015
Những chủ đề:
Các nhãn: Thêm thẻ
Không có thẻ, Là người đầu tiên thẻ bản ghi này!

MARC

LEADER 00000nam^a2200000^a^4500
001 000373043
005 20250521000000.0
009 20260310120028.501
020 |a 978-84-15862-45-1 
037 |a Acervo ITESO - Biblioteca 
041 |a ESP 
082 |a 864.  |b MAR 
100 |a Martínez Zarracina, Pablo  |e (autor) 
245 |a Es muy raro todo esto /  |c P. Martínez Zarracina. 
264 4 |a Logroño, España :  |b Pepitas de Calabaza,  |c 2015, c2015 
300 |a 160 p. 
336 |a texto  |b txt  |2 rdacontenido 
337 |a sin mediación  |b n  |2 rdamedio 
338 |a volumen  |b nc  |2 rdasoporte 
649 |a XX 
650 |a Columna Periodística -  |z España 
650 |a Artículos Periodísticos Españoles 
650 |a Literatura Española -  |y Siglo XXI 
910 |a Fondo General 
920 |a Impresos - Libros 
930 |a Colección General 
940 |a Literatura 
905 |a 101 
901 |a 0500267271  |b IT1  |c LIT  |i C149343  |u 20250521 
902 |a https://opac.biblio.iteso.mx/vufind/Record/000373043